| 000 | 00525nam a2200145Ia 4500 | ||
|---|---|---|---|
| 008 | 170221s9999 xx 000 0 und d | ||
| 100 | _aLiliia V. Matraeva | ||
| 245 | _aStatistical Approach to the Analysis of Corporate Culture Interaction Process | ||
| 245 | _cLiliia V. Matraeva, Alexey A. Konov, Alexey V. Belyak | ||
| 260 | _bInternational Review of Management and Marketing | ||
| 260 | _cDecember 2012 | ||
| 300 | _a4:2 | ||
| 650 | _xMarketing. | ||
| 856 | _uhttp://www.econjournals.com/index.php/irmm/issue/view/83 | ||
| 999 |
_c310387 _d310387 |
||